000 00634cab a2200241 4500
001 WB3534-07
008 090401t1999 xxu||||| |||| 00| 0 eng d
035 _a(Sirsi) u105
041 _aeng
245 _aCorporation fears market oversupply
260 _c1999
350 _a0
490 _aProperty Week
_v64(33) 27 August 1999, 2(1)
650 _aCITY OF LONDON
650 _aCORPORATION OF LONDON
650 _aOFFICE DEVELOPMENT
650 _aOFFICE SPACE
650 _aOVERSUPPLY
650 _aSUPPLY AND DEMAND
690 _aPROPERTY-COMMERCIAL PROPERTY-COMMERCIAL PROPERTY MARKET
942 _n0
948 _c01/09/1999
999 _c36
_d36